| 000 | 00400nam a2200169Ia 4500 | ||
|---|---|---|---|
| 008 | 230524s9999 xx 000 0 und d | ||
| 082 |
_a658 _bRUS |
||
| 100 | _aRobert S.Russel | ||
| 245 | 0 | _aOperations Management | |
| 250 | _a4TH | ||
| 260 |
_aNEW DELHI _bPearson _c2004 |
||
| 300 | _a824 | ||
| 500 | _aQuantity Number: 2 | ||
| 650 | _aManagement | ||
| 700 | _a Bernard W.Taylor | ||
| 942 | _cBK | ||
| 999 |
_c18903 _d18903 |
||